Textbook of strength of materials: Mechanics of solids (Record no. 11549)

MARC details
000 -LEADER
fixed length control field 00499nam a2200181Ia 4500
008 - FIXED-LENGTH DATA ELEMENTS--GENERAL INFORMATION
fixed length control field 230917s9999||||xx |||||||||||||| ||und||
020 ## - ISBN
Price RS695
040 ## - CATALOGING SOURCE
-- 217010
Original cataloging agency VIVEKANANDA LIBRARY
041 ## - Language
-- English
082 ## - DDC NUMBER
Classification number 620.105 B249T(5)
100 ## - MAIN ENTRY--PERSONAL NAME
Personal name Bansal, R K
245 #0 - TITLE STATEMENT
Title Textbook of strength of materials: Mechanics of solids
250 ## - EDITION STATEMENT
Edition statement 5th ed.
260 ## - PUBLICATION, DISTRIBUTION, ETC. (IMPRINT)
Place of publication, distribution, etc Banglore
Name of publisher, distributor, etc Laxmi Publications
Date of publication, distribution, etc 2014
300 ## - PHYSICAL DESCRIPTION
Pages xvi, 1144 p.
500 ## - GENERAL NOTE
General note 1563 02/06/2014 14230 21/06/2014 Main Budget
942 ## - ADDED ENTRY ELEMENTS (KOHA)
Koha item type Books
Holdings
Withdrawn status Lost status Damaged status Not for loan Location (home branch) Sublocation or collection (holding branch) Shelving location Date acquired Koha issues (times borrowed) Koha full call number Accession No. Koha date last seen Koha item type
        VIVEKANANDA LIBRARY VIVEKANANDA LIBRARY UIET Library 16/07/2014 2 620.105 B249T(5) 306695 26/11/2024 Books
        VIVEKANANDA LIBRARY VIVEKANANDA LIBRARY UIET Library 16/07/2014 6 620.105 B249T(5) 306696 07/11/2024 Books
        VIVEKANANDA LIBRARY VIVEKANANDA LIBRARY UIET Library 16/07/2014   620.105 B249T(5) 306697 17/09/2023 Books
        VIVEKANANDA LIBRARY VIVEKANANDA LIBRARY UIET Library 16/07/2014 9 620.105 B249T(5) 306698 29/12/2025 Books
        VIVEKANANDA LIBRARY VIVEKANANDA LIBRARY UIET Library 16/07/2014 4 620.105 B249T(5) 306699 16/04/2026 Books
        VIVEKANANDA LIBRARY VIVEKANANDA LIBRARY UIET Library 16/07/2014 6 620.105 B249T(5) 306700 16/01/2025 Books
        VIVEKANANDA LIBRARY VIVEKANANDA LIBRARY UIET Library 16/07/2014 2 620.105 B249T(5) 306701 01/10/2025 Books
        VIVEKANANDA LIBRARY VIVEKANANDA LIBRARY UIET Library 16/07/2014   620.105 B249T(5) 347462 17/09/2023 Books
        VIVEKANANDA LIBRARY VIVEKANANDA LIBRARY UIET Library 16/07/2014 4 620.105 B249T(5) 347463 18/11/2024 Books
        VIVEKANANDA LIBRARY VIVEKANANDA LIBRARY UIET Library 16/07/2014 7 620.105 B249T(5) 347464 12/11/2025 Books
        VIVEKANANDA LIBRARY VIVEKANANDA LIBRARY UIET Library 16/07/2014 1 620.105 B249T(5) 347465 23/10/2023 Books
        VIVEKANANDA LIBRARY VIVEKANANDA LIBRARY UIET Library 16/07/2014 5 620.105 B249T(5) 347466 02/01/2025 Books
        VIVEKANANDA LIBRARY VIVEKANANDA LIBRARY UIET Library 16/07/2014 7 620.105 B249T(5) 347467 21/11/2024 Books
        VIVEKANANDA LIBRARY VIVEKANANDA LIBRARY UIET Library 16/07/2014 9 620.105 B249T(5) 347468 16/04/2026 Books
        VIVEKANANDA LIBRARY VIVEKANANDA LIBRARY UIET Library 16/07/2014 3 620.105 B249T(5) 347469 20/11/2025 Books
        VIVEKANANDA LIBRARY VIVEKANANDA LIBRARY UIET Library 16/07/2014 2 620.105 B249T(5) 347470 04/03/2024 Books
        VIVEKANANDA LIBRARY VIVEKANANDA LIBRARY UIET Library 16/07/2014 6 620.105 B249T(5) 347471 26/12/2024 Books
© Designed and Maintained by Vivekananda Library, MDU Rohtak